00558 2200217 4500001002100000005001700021035002500038040001200063082001000075084001600085110002100101245007700122250001000199260003100209300003000240650002500270850001200295990001100307990001100318990001100329YOGYA00000000003555220150708140503.0 a0010-081400000035270 aYOPDYOG a639.2 a639.2 Bad I aBadan Agribisnis aInvestasi Agribisnis Komoditas Unggulan :bPerikanan /cBadan Agribisnis aCet 4 aYogyakartabKanisiusc2000 a120 hlm.:bilus.;c21 cm. aKomoditas agribisnis aYOPDYOG a561-PK a562-PK a566-PK